000 00742nam a2200121Ia 4500
008 220615s9999||||xx |||||||||||||| ||und||
245 0 _aAsylum Determination in Europe
_bEthnographic Perspectives
546 _aEnglish[eng]
650 _aAsylum seekers||EU||European Union||Greece||Italy||refugee||borders||immigration||security||socio-legal||cititzenship||political sociology
700 _aGill, Nick||Good, Anthony
856 _uhttps://library.oapen.org/bitstream/20.500.12657/26029/1/2019_Book_AsylumDeterminationInEurope.pdf||https://library.oapen.org/bitstream/20.500.12657/26029/1/2019_Book_AsylumDeterminationInEurope.pdf||https://library.oapen.org/bitstream/20.500.12657/26029/1/2019_Book_AsylumDeterminationInEurope.pdf
942 _cEB
999 _c16884
_d16884